|
|
|
|
| LEADER |
00000nam0a2200000 4500 |
| 001 |
71394 |
| 005 |
20231031082558.0 |
| 035 |
|
|
|a (RuTPU)RU\TPU\book\76016
|
| 090 |
|
|
|a 71394
|
| 100 |
|
|
|a 20041216d1981 k y0rusy50 ca
|
| 101 |
0 |
|
|a rus
|
| 102 |
|
|
|a RU
|
| 105 |
|
|
|a y z 000zy
|
| 200 |
1 |
|
|a Совершенствование комплектования книжных фондов
|e Сборник научных трудов
|f БАН СССР; БЕН СССР; ГПНТБ СО АН СССР; ИНИОН АН СССР; Гл. ред. М. В. Варфоломеева
|h Вып. 1
|
| 210 |
|
|
|a Москва
|d 1981
|
| 215 |
|
|
|a 96 с.
|
| 225 |
1 |
|
|a Библиотеки Академиии наук СССР и академий наук союзных республик
|
| 333 |
|
|
|a Исключено из фонда НТБ ТПУ
|
| 702 |
|
1 |
|a Варфоломеева
|b М. В.
|g Мария Васильевна
|4 651
|
| 712 |
0 |
2 |
|a БЕН СССР
|
| 712 |
0 |
2 |
|a ИНИОН АН СССР
|
| 712 |
0 |
2 |
|a Академия наук СССР (АН СССР)
|b Сибирское отделение (СО)
|b Государственная публичная научно-техническая библиотека (ГПНТБ)
|c (Новосибирск)
|
| 712 |
0 |
2 |
|a Академия наук СССР (АН СССР)
|b Библиотека (БАН)
|c (Ленинград)
|
| 801 |
|
1 |
|a RU
|b 63413507
|c 20041216
|g PSBO
|
| 801 |
|
2 |
|a RU
|b 63413507
|c 20211130
|g PSBO
|
| 942 |
|
|
|c BK
|